[Event "RUS-ch IPCA"]
[Site "Volgograd"]
[Date "2017.05.02"]
[Round "3"]
[White "Lukmanov, Artem"]
[Black "Karpova, Marina"]
[Result "1-0"]
[WhiteElo "1529"]
[BlackElo "1730"]
[PlyCount "73"]
[EventDate "2017.04.30"]
[EventType "swiss"]
[EventRounds "9"]
[EventCountry "RUS"]
[SourceTitle "CBM 178 Extra"]
[Source "ChessBase"]
[SourceDate "2017.06.22"]
[SourceVersion "1"]
[SourceVersionDate "2017.06.22"]
[SourceQuality "1"]

1. e4 c6 2. Nf3 d5 3. d4 dxe4 4. Ne5 Nf6 5. Bc4 e6 6. 0-0 Bd6 7. Bg5 0-0 8. f4 exf3 9. Qxf3 Nbd7 10. Nxd7 Bxd7 11. Bxf6 Qxf6 12. Qxf6 gxf6 13. Rxf6 b5 14. Bd3 Be7 15. Rf3 f5 16. Nd2 Rf7 17. Re1 Raf8 18. Rg3+ Kh8 19. Nf3 Rg7 20. Rxg7 Kxg7 21. c4 Rf6 22. cxb5 cxb5 23. d5 Bc5+ 24. Kf1 exd5 25. Re5 Bc6 26. Ke2 Bd6 27. Rxf5 Rxf5 28. Bxf5 h6 29. Nd4 Be8 30. Be6 Bxh2 31. Bxd5 Kf6 32. Bc6 Bxc6 33. Nxc6 a6 34. b3 h5 35. Kf3 Bc7 36. Nb4 a5 37. Nd5+ 1-0

[Event "RUS IPCA-ch"]
[Site "Nalchik"]
[Date "2016.05.03"]
[Round "4"]
[White "Karpova, Marina"]
[Black "Monastyrenko, Nataliya"]
[Result "1-0"]
[WhiteElo "1760"]
[BlackElo "1318"]
[PlyCount "40"]
[EventDate "2016.04.30"]
[EventType "swiss"]
[EventRounds "9"]
[EventCountry "RUS"]
[SourceTitle "CBM 172 Extra"]
[Source "ChessBase"]
[SourceDate "2016.06.21"]
[SourceVersion "1"]
[SourceVersionDate "2016.06.21"]
[SourceQuality "1"]

1. d4 d5 2. c4 Nf6 3. Nc3 e6 4. Bg5 h6 5. Bh4 a6 6. e3 g5 7. Bg3 Bb4 8. a3 Bxc3+ 9. bxc3 Ne4 10. Qc2 Nxg3 11. hxg3 Nc6 12. cxd5 Qxd5 13. e4 Qd6 14. Nf3 Qe7 15. a4 Bd7 16. Bd3 0-0-0 17. Rb1 Na5 18. Ne5 Be8 19. Qb2 c6 20. Bxa6 Qc7 1-0

[Event "W-ch Disabled"]
[Site "Dresden"]
[Date "2015.10.23"]
[Round "6"]
[White "Koenig, Juergen"]
[Black "Karpova, Marina"]
[Result "1/2-1/2"]
[WhiteElo "1640"]
[BlackElo "1781"]
[PlyCount "88"]
[EventDate "2015.10.18"]
[EventType "swiss"]
[EventRounds "7"]
[EventCountry "GER"]
[SourceTitle "CBM 168 Extra"]
[Source "ChessBase"]
[SourceDate "2015.10.29"]
[SourceVersion "1"]
[SourceVersionDate "2015.10.29"]
[SourceQuality "1"]

1. d4 Nf6 2. Bg5 d5 3. e3 e6 4. Bd3 Be7 5. Nf3 Nbd7 6. Nbd2 c5 7. c3 c4 8. Bc2 b5 9. 0-0 0-0 10. Ne5 g6 11. f4 Bb7 12. Qe1 Ne4 13. Bxe7 Qxe7 14. a3 Ndf6 15. Nef3 Nxd2 16. Nxd2 Ng4 17. e4 dxe4 18. Bxe4 Bxe4 19. Qxe4 Nf6 20. Qe2 Rad8 21. f5 Rd5 22. fxe6 Qxe6 23. Qxe6 fxe6 24. Rae1 Rd6 25. Re5 a6 26. Rfe1 Re8 27. Nf3 h6 28. Rc5 Nd5 29. Ne5 Kg7 30. Rf1 Re7 31. Rf3 g5 32. Rc8 Nf4 33. g3 Ng6 34. Nxg6 Kxg6 35. g4 Rf7 36. Rg8+ Rg7 37. Rgf8 Rgd7 38. Rg8+ Rg7 39. Rxg7+ Kxg7 40. Re3 Kf6 41. Kf2 Rd5 42. Kf3 e5 43. Re4 Ke6 44. Kf2 Kf6 1/2-1/2

[Event "W-ch Disabled"]
[Site "Dresden"]
[Date "2015.10.19"]
[Round "2"]
[White "Zabolotny, Volodymyr"]
[Black "Karpova, Marina"]
[Result "1-0"]
[WhiteElo "2018"]
[BlackElo "1781"]
[PlyCount "63"]
[EventDate "2015.10.18"]
[EventType "swiss"]
[EventRounds "7"]
[EventCountry "GER"]
[SourceTitle "CBM 168 Extra"]
[Source "ChessBase"]
[SourceDate "2015.10.29"]
[SourceVersion "1"]
[SourceVersionDate "2015.10.29"]
[SourceQuality "1"]

1. c4 Nf6 2. g3 g6 3. b3 Bg7 4. Bb2 0-0 5. Bg2 d6 6. d4 Nbd7 7. Nf3 c5 8. Nc3 Rb8 9. 0-0 b6 10. Re1 Bb7 11. e4 cxd4 12. Nxd4 Ne5 13. Qd2 Nc6 14. Nd5 Nxd4 15. Bxd4 Ng4 16. Bxg7 Kxg7 17. Qd4+ Kg8 18. f4 e5 19. Qd2 Nf6 20. Nc3 a6 21. Rad1 Ne8 22. fxe5 b5 23. exd6 bxc4 24. bxc4 Qb6+ 25. Qd4 Qa5 26. Re2 Ng7 27. e5 Ne6 28. Qe3 Bxg2 29. Kxg2 Rbc8 30. Nd5 Rxc4 31. Qh6 Qd8 32. Nf6+ 1-0